<?xml version="1.0" encoding="UTF-8"?>
<record
    xmlns:xsi="http://www.w3.org/2001/XMLSchema-instance"
    xsi:schemaLocation="http://www.loc.gov/MARC21/slim http://www.loc.gov/standards/marcxml/schema/MARC21slim.xsd"
    xmlns="http://www.loc.gov/MARC21/slim">

  <leader>00803nam a2200169Ia 4500</leader>
  <datafield tag="952" ind1=" " ind2=" ">
    <subfield code="0">0</subfield>
    <subfield code="1">0</subfield>
    <subfield code="4">0</subfield>
    <subfield code="7">0</subfield>
    <subfield code="a">22</subfield>
    <subfield code="b">22</subfield>
    <subfield code="d">2007-01-08</subfield>
    <subfield code="l">0</subfield>
    <subfield code="o">TNA LC1043 G37 2014</subfield>
    <subfield code="p">11 003411</subfield>
    <subfield code="r">2013-01-11</subfield>
    <subfield code="t">1</subfield>
    <subfield code="w">2012-06-26</subfield>
    <subfield code="y">LB</subfield>
  </datafield>
  <datafield tag="999" ind1=" " ind2=" ">
    <subfield code="c">70315</subfield>
    <subfield code="d">70315</subfield>
  </datafield>
  <controlfield tag="008">120626s2014    mx a          000 0 spa d</controlfield>
  <datafield tag="050" ind1=" " ind2=" ">
    <subfield code="a">TNA LC1043</subfield>
    <subfield code="b">G37 2014</subfield>
  </datafield>
  <datafield tag="100" ind1=" " ind2=" ">
    <subfield code="a">Garc&#xED;a Campos, Alejandro</subfield>
    <subfield code="e">sustentante</subfield>
  </datafield>
  <datafield tag="245" ind1=" " ind2=" ">
    <subfield code="a">Propuesta de taller de intervenci&#xF3;n social para la escuela secundaria No. 0198 Mar&#xED;a Montessori</subfield>
    <subfield code="c">/ tesina para obtener el t&#xED;tulo de Licenciado en Pedagog&#xED;a, presenta Alejandro, Garc&#xED;a Campos; asesor Miriam Casta&#xF1;eda L&#xF3;pez</subfield>
  </datafield>
  <datafield tag="260" ind1=" " ind2=" ">
    <subfield code="a">M&#xE9;xico</subfield>
    <subfield code="b">: s/ed</subfield>
    <subfield code="c">, 2014</subfield>
  </datafield>
  <datafield tag="300" ind1=" " ind2=" ">
    <subfield code="a">99 p&#xE1;ginas</subfield>
    <subfield code="b">: Ilustraciones, tablas </subfield>
  </datafield>
  <datafield tag="519" ind1=" " ind2=" ">
    <subfield code="a">  </subfield>
    <subfield code="d"> </subfield>
  </datafield>
  <datafield tag="700" ind1=" " ind2=" ">
    <subfield code="a">Casta&#xF1;eda L&#xF3;pez, Miriam</subfield>
    <subfield code="e">asesor</subfield>
  </datafield>
  <datafield tag="710" ind1=" " ind2=" ">
    <subfield code="a">Universidad Nacional Aut&#xF3;noma de M&#xE9;xico</subfield>
    <subfield code="e">Instituci&#xF3;n que otorga el t&#xED;tulo </subfield>
  </datafield>
  <datafield tag="710" ind1=" " ind2=" ">
    <subfield code="a">Universidad Insurgentes</subfield>
    <subfield code="d">Plantel Xola </subfield>
    <subfield code="e">entidad participante </subfield>
  </datafield>
  <datafield tag="942" ind1=" " ind2=" ">
    <subfield code="c">LB</subfield>
  </datafield>
</record>
